|
|
|
|
| LEADER |
03032nam a2200661 a 4500 |
| 001 |
nkc20102124997 |
| 003 |
CZ PrNK |
| 005 |
20110303103828.0 |
| 007 |
ta |
| 008 |
110124s2010 xr ab f m 000 0 cze |
| 015 |
|
|
|a cnb002124997
|
| 020 |
|
|
|a 978-80-248-2285-3
|q (brož.) :
|c neprodejné
|
| 035 |
|
|
|a (OCoLC)707607983
|
| 040 |
|
|
|a ABA001
|b cze
|
| 041 |
0 |
|
|a cze
|b eng
|
| 043 |
|
|
|a e-xr---
|b e-xr-mo
|2 czenas
|
| 072 |
|
7 |
|a 332
|x Regionální ekonomie, regionální ekonomika
|2 Konspekt
|9 4
|
| 080 |
|
|
|a 711.454
|2 MRF
|
| 080 |
|
|
|a 711.4/.8
|2 MRF
|
| 080 |
|
|
|a 332.055.2
|2 MRF
|
| 080 |
|
|
|a 338.49
|2 MRF
|
| 080 |
|
|
|a 519.86/.87
|2 MRF
|
| 080 |
|
|
|a (437.326)
|2 MRF
|
| 080 |
|
|
|a (043.3)
|2 MRF
|
| 080 |
|
|
|a (048.3)
|2 MRF
|
| 100 |
1 |
|
|a Zedník, Aleš,
|d 1958-2026
|7 xx0013516
|4 dis
|
| 245 |
1 |
0 |
|a Příspěvek k funkčnímu modelování investiční politiky průmyslového velkoměsta na příkladu Ostravy jako regionální metropole :
|b autoreferát disertační práce /
|c vypracoval Aleš Zedník
|
| 250 |
|
|
|a 1. vyd.
|
| 260 |
|
|
|a Ostrava :
|b Vysoká škola báňská - Technická univerzita Ostrava,
|c 2010
|
| 300 |
|
|
|a 56 s. :
|b barev. il., mapy ;
|c 21 cm
|
| 490 |
1 |
|
|a Vědecké publikace Fakulty stavební Vysoké školy báňské - Technické univerzity Ostrava. Doktorské disertační, habilitační a inaugurační spisy,
|x 1213-7456
|
| 500 |
|
|
|a "Studijní program: P3607 Stavební inženýrství, studijní obor: V012 Městské inženýrství a stavitelství"
|
| 500 |
|
|
|a Autoreferát disertační práce (Ph.D.)--Vysoká škola báňská - Technická univerzita Ostrava, Fakulta stavební, katedra městského inženýrství, 2010
|
| 500 |
|
|
|a 30 výt.
|
| 504 |
|
|
|a Obsahuje bibliografii
|
| 546 |
|
|
|a Anglické resumé
|
| 650 |
0 |
7 |
|a průmyslová města
|7 ph317153
|z Česko
|2 czenas
|
| 650 |
0 |
7 |
|a rozvoj měst
|7 ph137468
|z Česko
|2 czenas
|
| 650 |
0 |
7 |
|a regionální rozvoj
|7 ph125083
|z Česko
|2 czenas
|
| 650 |
0 |
7 |
|a infrastruktura
|7 ph114775
|z Česko
|2 czenas
|
| 650 |
0 |
7 |
|a modelování a simulace
|7 ph125543
|2 czenas
|
| 650 |
0 |
9 |
|a industrial towns
|z Czechia
|2 eczenas
|
| 650 |
0 |
9 |
|a urban development
|z Czechia
|2 eczenas
|
| 650 |
0 |
9 |
|a infrastructure (economics)
|z Czechia
|2 eczenas
|
| 650 |
0 |
9 |
|a modeling and simulation
|2 eczenas
|
| 651 |
|
7 |
|a Ostrava (Česko)
|7 ge128537
|2 czenas
|
| 651 |
|
9 |
|a Ostrava (Czechia)
|2 eczenas
|
| 655 |
|
7 |
|a disertace
|7 fd132024
|2 czenas
|
| 655 |
|
7 |
|a autoreferáty
|7 fd131857
|2 czenas
|
| 655 |
|
9 |
|a dissertations
|2 eczenas
|
| 655 |
|
9 |
|a autoabstracts
|2 eczenas
|
| 710 |
2 |
|
|a Vysoká škola báňská - Technická univerzita Ostrava.
|b Katedra městského inženýrství
|7 kn20050413013
|
| 810 |
2 |
|
|a Vysoká škola báňská - Technická univerzita Ostrava.
|b Stavební fakulta.
|t Vědecké publikace.
|p Doktorské disertační, habilitační a inaugurační spisy
|0 s
|
| 910 |
2 |
|
|a BOA001
|b 2-1261.016
|
| 990 |
|
|
|a BK
|
| 995 |
|
|
|a 01
|
| 991 |
|
|
|b 201102
|c NOV
|e n
|
| 996 |
6 |
|
|b 2610462781
|c 2-1261.016
|l MZK
|r Sklad / do 1 hodiny
|n 0
|p p.v.
|w 001167133
|u 000010
|a 1
|e BOA001
|j MZK50
|s P
|